00419pam a2200157 a 4500020000500000040002500005041001300030082001900043100002400062245004900086250001400135260005000149300001300199365001100212653003800223 c aMedical College Lib. aENGhENG a611.01816bTHO aThompson, M. N. . aGenetics in Medicine / chTextual Documents a5th / b. aLondon : bHBJ W. B. Saundeers Co. , c1991. a867 ; c a697=00 aGeneticaAnatomyaMedical Science